| 000 | 00753cab a2200229 4500 | ||
|---|---|---|---|
| 001 | WB2807-46 | ||
| 008 | 090401t1992 xxu||||| |||| 00| 0 eng d | ||
| 035 | _a(Sirsi) u33410 | ||
| 041 | _aeng | ||
| 245 | _aNo consent, no fee scheme | ||
| 260 | _c1992 | ||
| 350 | _a0 | ||
| 490 |
_aEstates Times _v(1129) 7 February 1992, 32(1) |
||
| 520 | _aFulfords Land & Planning Services has introduced a `no permission, no fee` performance-related fee scheme aimed at encouraging landowners to pursue planning applications. | ||
| 650 | _aFEES | ||
| 650 | _aFULFORDS LAND & PLANNING SERVICES | ||
| 650 | _aPERFORMANCE-RELATED FEE SCHEME | ||
| 650 | _aPLANNING APPLICATIONS | ||
| 690 | _aPLANNING LAW AND PRACTICE | ||
| 942 | _n0 | ||
| 948 | _c04/03/1997 | ||
| 999 |
_c22322 _d22322 |
||